| 000 -LEADER |
| fixed length control field |
00281nam a2200121Ia 4500 |
| 008 - FIXED-LENGTH DATA ELEMENTS--GENERAL INFORMATION |
| fixed length control field |
200615s9999||||xx |||||||||||||| ||und|| |
| 082 ## - DEWEY DECIMAL CLASSIFICATION NUMBER |
| Classification number |
546 |
| Item number |
INO-S |
| 100 ## - MAIN ENTRY--PERSONAL NAME |
| Personal name |
SHARPE,ALAN G |
| 245 #0 - TITLE STATEMENT |
| Title |
INORGANIC CHEMISTRY |
| 250 ## - EDITION STATEMENT |
| Edition statement |
3RD |
| 260 ## - PUBLICATION, DISTRIBUTION, ETC. |
| Place of publication, distribution, etc. |
NEW DELHI |
| Name of publisher, distributor, etc. |
PEARSON |
| Date of publication, distribution, etc. |
2018 |
| 942 ## - ADDED ENTRY ELEMENTS (KOHA) |
| Koha item type |
Book |